[Event "XXXVI Festival Magistrale"]
[Site "Imperia ITA"]
[Date "1994.09.??"]
[Round "?"]
[White "Mauro, Alan"]
[Black "Langeweg, Kick"]
[WhiteElo "2285"]
[BlackElo "2390"]
[Result "1-0"]
[PlyCount "81"]
[EventDate "1994.09.03"]

1. e4 c5 2. Nf3 e6 3. d4 cxd4 4. Nxd4 Nc6 5. Nxc6 bxc6 6. Bd3 Nf6 7. O-O d5 8.
Nd2 a5 9. Qe2 Be7 10. Kh1 O-O 11. a4 Nd7 12. exd5 exd5 13. Nb3 Bd6 14. Qh5 g6
15. Qh6 Ne5 16. Be2 Re8 17. Bg5 f6 18. Be3 Nf7 19. Qh4 Re4 20. g4 Ng5 21. Nd2
Re8 22. Bd3 Rb8 23. b3 Rb4 24. c4 c5 25. Rae1 Nf7 26. f3 Ne5 27. Bc2 d4 28. Ne4
Be7 29. Bd2 Rb7 30. g5 fxg5 31. Nxg5 Bf6 32. Be4 Rg7 33. Bd5+ Kh8 34. Qh6 Bb7
35. Ne4 Bh4 36. Bg5 Bxg5 37. Qxg5 Bxd5 38. cxd5 Qxg5 39. Nxg5 Rd7 40. f4 h6 41.
Rxe5 1-0

[Event "XXXVI Festival Magistrale"]
[Site "Imperia ITA"]
[Date "1994.09.??"]
[Round "?"]
[White "Ortega, Lexy"]
[Black "Forintos, Gyozo Victor"]
[WhiteElo "2450"]
[BlackElo "2450"]
[Result "1-0"]
[PlyCount "67"]
[EventDate "1994.09.03"]

1. d4 e6 2. Nf3 c5 3. g3 cxd4 4. Nxd4 Qa5+ 5. Nc3 Bb4 6. Bd2 Qb6 7. e3 Nf6 8.
Bg2 d5 9. Na4 Qa5 10. c3 Be7 11. c4 Bb4 12. Nc3 O-O 13. cxd5 exd5 14. a3 Bxc3
15. Bxc3 Qd8 16. O-O Na6 17. Rc1 Ne4 18. b4 Qg5 19. Nf3 Qh5 20. Qd4 f6 21. Nd2
Nxc3 22. Rxc3 Be6 23. b5 Nb8 24. e4 Nd7 25. exd5 Bh3 26. Bxh3 Qxh3 27. Nf3 b6
28. Re1 Rfe8 29. d6 Nc5 30. Qd5+ Kf8 31. Re7 Ne6 32. Re3 Rec8 33. R3xe6 Rc1+
34. Ne1 1-0

[Event "XXXVI Festival Magistrale"]
[Site "Imperia ITA"]
[Date "1994.09.??"]
[Round "?"]
[White "Plesek, Jiri"]
[Black "Ortega, Lexy"]
[WhiteElo "2340"]
[BlackElo "2450"]
[Result "0-1"]
[PlyCount "68"]
[EventDate "1994.09.03"]

1. d4 Nf6 2. Nf3 e6 3. e3 d5 4. Bd3 b6 5. O-O Bd6 6. Nbd2 Bb7 7. b3 Qe7 8. Ne5
Bxe5 9. dxe5 Nfd7 10. Bb2 Nc6 11. f4 O-O-O 12. a4 f6 13. Nf3 fxe5 14. fxe5 g5
15. a5 g4 16. Nd4 Ncxe5 17. axb6 axb6 18. Ba6 Rhf8 19. Rxf8 Rxf8 20. Qe2 Nb8
21. Bxb7+ Kxb7 22. Nb5 Nec6 23. Ba3 Qf6 24. c3 Rf7 25. Qa2 Qe5 26. Qe2 h5 27.
Bc1 Qe4 28. Bd2 e5 29. Rf1 Rxf1+ 30. Qxf1 Qc2 31. Be1 Qxb3 32. Bh4 Na6 33. Bf6
Nc5 34. h3 Ne4 0-1

[Event "XXXVI Festival Magistrale"]
[Site "Imperia ITA"]
[Date "1994.09.??"]
[Round "?"]
[White "Sbarra, Marco"]
[Black "Vujovic, Milorad"]
[WhiteElo "2032"]
[BlackElo "2270"]
[Result "1-0"]
[PlyCount "115"]
[EventDate "1994.09.03"]

1. d4 Nf6 2. Nf3 b5 3. Bf4 d6 4. e3 a6 5. h3 Nbd7 6. Nbd2 Bb7 7. a4 b4 8. Bc4
e6 9. O-O Be7 10. Re1 c5 11. c3 a5 12. e4 O-O 13. e5 dxe5 14. dxe5 Nd5 15. Bg3
bxc3 16. bxc3 N7b6 17. Bd3 Nxc3 18. Qc2 Ncd5 19. Bxh7+ Kh8 20. Be4 Nb4 21. Qd1
Bxe4 22. Rxe4 Kg8 23. Bh4 Rc8 24. Bxe7 Qxe7 25. Qe2 Rfd8 26. Rh4 N4d5 27. Ne4
f6 28. exf6 gxf6 29. Ne5 fxe5 30. Qg4+ Qg7 31. Qxe6+ Kf8 32. Ra3 Nf4 33. Qf5+
Ke8 34. Nf6+ Kf8 35. Rg4 Ne2+ 36. Kh2 Nd4 37. Qxe5 Qc7 38. Rg8+ Kf7 39. Rg7+
Kxg7 40. Ne8+ Kf7 41. Nxc7 Nc4 42. Qf4+ Ke7 43. Rg3 Rg8 44. Nd5+ Ke6 45. Rxg8
Rxg8 46. Qf6+ Kxd5 47. Qf7+ Ne6 48. Qxg8 Nd6 49. h4 c4 50. h5 c3 51. Qg6 Nd4
52. h6 c2 53. Qg5+ Kc4 54. h7 Nf7 55. Qg8 Kd3 56. Qxf7 c1=Q 57. h8=Q Nc2 58.
Qf3+ 1-0

[Event "C.to Europeo U18"]
[Site "La Canea GRE"]
[Date "1994.??.??"]
[Round "1"]
[White "Ferguson, Mark"]
[Black "Isonzo, David"]
[Result "1-0"]
[WhiteElo "2290"]
[BlackElo "1911"]
[PlyCount "51"]
[EventDate "1994.??.??"]

1. e4 c5 2. Nf3 d6 3. d4 cxd4 4. Nxd4 Nf6 5. Nc3 a6 6. f4 e5 7. Nf3 Nbd7 8. a4
Be7 9. Bd3 O-O 10. O-O exf4 11. Kh1 Nc5 12. Bxf4 Be6 13. Nd4 Qb6 14. a5 Qb4 15.
Nxe6 fxe6 16. Qe2 Nfd7 17. Nd5 exd5 18. c3 Qb3 19. Ra3 Qxa3 20. bxa3 g5 21.
exd5 Rae8 22. Bg3 Bf6 23. Qg4 Nxd3 24. Qxd7 Be5 25. Rxf8+ Rxf8 26. Qe6+ 1-0

[Event "C.to Europeo U18"]
[Site "La Canea GRE"]
[Date "1994.??.??"]
[Round "2"]
[White "Isonzo, David"]
[Black "Bobras, Piotr"]
[Result "0-1"]
[WhiteElo "1911"]
[BlackElo "2215"]
[PlyCount "60"]
[EventDate "1994.??.??"]

1. e4 e5 2. Nf3 Nc6 3. Bb5 Bb4 4. O-O Nge7 5. d4 exd4 6. Nxd4 O-O 7. Bg5 f6 8.
Be3 Kh8 9. a3 Ba5 10. c4 d6 11. Bxc6 bxc6 12. Nb3 Bb6 13. c5 dxc5 14. Bxc5 Qe8
15. Qc2 Rf7 16. N1d2 Ng6 17. Nd4 Ba6 18. Rfe1 Ne5 19. Re3 Rd8 20. Bxb6 cxb6 21.
N4f3 Rfd7 22. Qc3 Ng4 23. Ree1 Rd3 24. Qc2 c5 25. Nc4 Bxc4 26. Qxc4 Rxf3 27.
gxf3 Ne5 28. Qe2 Rd2 29. Qe3 Rd3 30. Qe2 Nxf3+ 0-1

[Event "C.to Europeo U18"]
[Site "La Canea GRE"]
[Date "1994.??.??"]
[Round "4"]
[White "Isonzo, David"]
[Black "Hagesaether, Paal Vegard"]
[Result "0-1"]
[WhiteElo "1911"]
[BlackElo "2120"]
[PlyCount "118"]
[EventDate "1994.??.??"]

1. e4 d6 2. d4 Nf6 3. Nc3 g6 4. Bc4 Bg7 5. Qe2 Nc6 6. Nf3 Bg4 7. Be3 O-O 8. h3
Bxf3 9. gxf3 e5 10. dxe5 dxe5 11. Nd5 Nxd5 12. Bxd5 Nd4 13. Bxd4 exd4 14. Bb3
Bh6 15. h4 Bf4 16. Kf1 Qd6 17. Rd1 Rad8 18. h5 g5 19. Qb5 b6 20. Qf5 Rde8 21.
Qd5 Qf6 22. Qxd4 Be5 23. Qe3 Bf4 24. Qd4 Be5 25. Qe3 Rd8 26. Ke2 Bd4 27. Qd3
Bxb2 28. Qc4 c5 29. Rhg1 h6 30. Qa6 Bd4 31. a4 Rfe8 32. Rg4 Be5 33. Bd5 Re7 34.
Rd3 Kg7 35. Qb5 Bf4 36. Qb3 Qe5 37. c4 Rd6 38. Qc3 Qxc3 39. Rxc3 f5 40. Rg1 Kf6
41. Rb3 fxe4 42. fxe4 Rxd5 43. cxd5 Rxe4+ 44. Kf3 Rxa4 45. Rd1 c4 46. Rc3 Ke7
47. Rc2 b5 48. Rb1 a6 49. Rd1 Ra3+ 50. Ke4 Kd6 51. Re2 c3 52. Kd3 Kxd5 53. Kc2+
Kc5 54. Re8 Bd2 55. Rc8+ Kd5 56. Rh8 Ra2+ 57. Kb3 Rb2+ 58. Ka3 b4+ 59. Ka4 Kc4
0-1

[Event "C.to Europeo U18"]
[Site "La Canea GRE"]
[Date "1994.??.??"]
[Round "6"]
[White "Gelashvili, Tamaz"]
[Black "Isonzo, David"]
[Result "1-0"]
[WhiteElo "2260"]
[BlackElo "1911"]
[PlyCount "47"]
[EventDate "1994.??.??"]

1. e4 c5 2. f4 d5 3. exd5 Qxd5 4. Nc3 Qd8 5. Nf3 Nf6 6. Ne5 e6 7. Bb5+ Nbd7 8.
Qf3 Be7 9. O-O O-O 10. Bxd7 Nxd7 11. Nc4 Nf6 12. d3 Rb8 13. Ne5 Qe8 14. Bd2 b6
15. Rae1 Bb7 16. Qh3 Qd8 17. Nd1 Rc8 18. Ne3 Nd5 19. N3g4 Nf6 20. Bc3 Nd5 21.
Nh6+ gxh6 22. Qg3+ Bg5 23. fxg5 Qxg5 24. Ng4 1-0

[Event "C.to Europeo U18"]
[Site "La Canea GRE"]
[Date "1994.??.??"]
[Round "8"]
[White "Isonzo, David"]
[Black "Mirumian, Vigen"]
[Result "0-1"]
[WhiteElo "1911"]
[BlackElo "2290"]
[PlyCount "64"]
[EventDate "1994.??.??"]

1. e4 c5 2. Nf3 e6 3. d4 cxd4 4. Nxd4 d6 5. Nc3 a6 6. Bc4 Nf6 7. a3 b5 8. Ba2
Bb7 9. O-O Nbd7 10. Re1 Rc8 11. Qf3 Qb6 12. Be3 Qc7 13. Bg5 Qc5 14. Bxf6 Nxf6
15. Rad1 Qh5 16. Qg3 Be7 17. Nxe6 fxe6 18. Bxe6 Qg6 19. Qe3 Ng4 20. Bxg4 Qxg4
21. Nd5 Bh4 22. Qb6 O-O 23. h3 Qd7 24. Re2 Bxd5 25. Rxd5 Rc6 26. Qd4 Qf7 27.
Rf5 Bf6 28. Qd1 Qc4 29. b3 Qd4 30. Rd2 Qxe4 31. Rf3 Qe5 32. Rd5 Qa1 0-1

[Event "VI Festival"]
[Site "Lucca ITA"]
[Date "1994.??.??"]
[Round "?"]
[White "Djuric, Stefan"]
[Black "Pieri, Filippo"]
[Result "1-0"]
[WhiteElo "2480"]
[BlackElo "2225"]
[PlyCount "73"]
[EventDate "1994.??.??"]

1. Nf3 c5 2. c4 Nc6 3. Nc3 Nf6 4. g3 g6 5. d4 cxd4 6. Nxd4 Nxd4 7. Qxd4 Bg7 8.
Bg2 O-O 9. O-O d6 10. Qd3 a6 11. Be3 Bf5 12. Qd2 Qd7 13. Bd4 Be6 14. b3 Bh3 15.
Rac1 Bxg2 16. Kxg2 Rac8 17. Rfd1 b5 18. Bxf6 Bxf6 19. Nd5 Bg7 20. e4 Qb7 21.
cxb5 axb5 22. Rxc8 Rxc8 23. Rc1 Kf8 24. Qa5 Bd4 25. Rxc8+ Qxc8 26. Qd2 Bg7 27.
Qb4 Qc5 28. Qa5 Bd4 29. Qd8+ Kg7 30. Nxe7 Qc2 31. Qg8+ Kf6 32. Nd5+ Kg5 33. h4+
Kh6 34. Qf8+ Kh5 35. Nf4+ Kg4 36. Qc8+ Qxc8 37. f3# 1-0

[Event "XV Moglianoscacchi A"]
[Site "Mogliano Veneto ITA"]
[Date "1994.??.??"]
[Round "?"]
[White "Alba, Albano"]
[Black "Manca, Federico"]
[Result "0-1"]
[WhiteElo "2240"]
[BlackElo "2370"]
[PlyCount "34"]
[EventDate "1994.??.??"]

1. d4 Nf6 2. c4 c5 3. Nf3 cxd4 4. Nxd4 e5 5. Nb5 d5 6. cxd5 Bc5 7. g3 O-O 8.
N5c3 Qb6 9. e3 Bg4 10. Be2 Bh3 11. Nd2 Nbd7 12. Nc4 Qc7 13. e4 b5 14. Nxb5 Nxe4
15. Qc2 Bxf2+ 16. Kd1 Qc5 17. Qxe4 Nf6 0-1

[Event "XV Moglianoscacchi A"]
[Site "Mogliano Veneto ITA"]
[Date "1994.??.??"]
[Round "?"]
[White "Borgo, Giulio"]
[Black "Krause, Christian"]
[Result "1-0"]
[WhiteElo "2350"]
[BlackElo "2210"]
[PlyCount "77"]
[EventDate "1994.??.??"]

1. e4 d6 2. d4 Nf6 3. Nc3 g6 4. Be3 Bg7 5. f3 c6 6. Qd2 b5 7. O-O-O Qa5 8. Kb1
Nbd7 9. Bh6 Bxh6 10. Qxh6 Nb6 11. Nce2 Nc4 12. Nc1 Rb8 13. g4 Qb6 14. Nge2 a5
15. h4 a4 16. h5 Na3+ 17. bxa3 b4 18. Ka1 Ba6 19. Nd3 b3 20. cxb3 axb3 21. Qd2
c5 22. Rb1 c4 23. Ndc1 O-O 24. axb3 Rfc8 25. b4 e5 26. hxg6 fxg6 27. Na2 c3 28.
Nexc3 Bxf1 29. Rhxf1 exd4 30. Ne2 Rc4 31. Rfd1 d5 32. e5 Nd7 33. f4 Qa6 34. Qd3
Nb6 35. f5 Nd7 36. e6 Ne5 37. Qg3 Qd6 38. Nxd4 Rbc8 39. f6 1-0

[Event "XV Moglianoscacchi A"]
[Site "Mogliano Veneto ITA"]
[Date "1994.??.??"]
[Round "?"]
[White "Caruso, Augusto"]
[Black "Bracaglia, Carlo"]
[Result "1-0"]
[WhiteElo "2235"]
[BlackElo "1902"]
[PlyCount "37"]
[EventDate "1994.??.??"]

1. e4 c5 2. Nf3 Nc6 3. d4 cxd4 4. Nxd4 Nf6 5. Nc3 e5 6. Ndb5 d6 7. Bg5 a6 8.
Na3 Be6 9. Bc4 Rc8 10. Bxf6 gxf6 11. Qh5 Bxc4 12. Nxc4 Nd4 13. Ne3 d5 14. O-O
dxe4 15. Nxe4 Nxc2 16. Nxc2 Rxc2 17. Rad1 Qe7 18. Qf5 Rc6 19. Nxf6+ 1-0

[Event "XV Moglianoscacchi A"]
[Site "Mogliano Veneto ITA"]
[Date "1994.??.??"]
[Round "?"]
[White "Caruso, Augusto"]
[Black "Mileto, Gabriele"]
[Result "0-1"]
[WhiteElo "2235"]
[BlackElo "2225"]
[PlyCount "70"]
[EventDate "1994.??.??"]

1. e4 g6 2. d4 d6 3. Nc3 Nf6 4. f4 Bg7 5. Nf3 c5 6. d5 O-O 7. Bd3 b5 8. Nxb5
Nxe4 9. O-O Nf6 10. c4 e6 11. Nc3 exd5 12. Nxd5 Nxd5 13. cxd5 Bb7 14. Bc4 Nd7
15. Rb1 Nb6 16. b3 Qf6 17. Qd3 Qc3 18. Qxc3 Bxc3 19. Rd1 Rfe8 20. Rd3 Bg7 21.
Bb2 Nxc4 22. bxc4 Bc8 23. Rb3 Bf5 24. Rc1 Re2 25. Bxg7 Kxg7 26. Ra3 Rb8 27. Re1
Rc2 28. Rxa7 Rbb2 29. Ree7 Rxg2+ 30. Kh1 Rgf2 31. Rxf7+ Kg8 32. Rg7+ Kf8 33.
Rgf7+ Ke8 34. Rfe7+ Kd8 35. Kg1 Bh3 0-1

[Event "XV Moglianoscacchi A"]
[Site "Mogliano Veneto ITA"]
[Date "1994.??.??"]
[Round "?"]
[White "De Bortoli, Peter"]
[Black "Giuriato, Sergio"]
[WhiteElo "1600"]
[BlackElo "1818"]
[Result "1-0"]
[PlyCount "50"]
[EventDate "1994.??.??"]

1. e4 c5 2. Nf3 Nc6 3. c3 e5 4. Bc4 Nf6 5. Ng5 d5 6. exd5 Nxd5 7. d3 Be6 8.
Nxe6 fxe6 9. O-O Qd7 10. Nd2 Be7 11. Ne4 O-O-O 12. Qe2 Rdf8 13. Be3 Nxe3 14.
Qxe3 b6 15. Qh3 Nd8 16. Rac1 Kb8 17. Rfd1 Rf4 18. f3 h5 19. d4 cxd4 20. cxd4
exd4 21. Qg3 g5 22. Nxg5 e5 23. Nh3 Bh4 24. Qg6 Rf6 25. Qe4 Qf5 1-0

[Event "XV Moglianoscacchi A"]
[Site "Mogliano Veneto ITA"]
[Date "1994.??.??"]
[Round "?"]
[White "Duarte, Riccardo"]
[Black "Fabris, Alberto"]
[Result "0-1"]
[WhiteElo "2030"]
[BlackElo "2205"]
[PlyCount "46"]
[EventDate "1994.??.??"]

1. e4 e5 2. Nf3 f5 3. Bc4 Nc6 4. d3 Nf6 5. exf5 d5 6. Bb5 Bd6 7. d4 e4 8. Ne5
Bd7 9. Bxc6 bxc6 10. Nd2 O-O 11. c4 Bxf5 12. Nxc6 Qe8 13. cxd5 Nxd5 14. Ne5
Bxe5 15. dxe5 Qxe5 16. Nc4 Qe6 17. O-O Rad8 18. Qa4 Qg6 19. Qa3 Qh5 20. Ne3 Nf4
21. Nxf5 Ne2+ 22. Kh1 Rxf5 23. Be3 Qxh2+ 0-1

[Event "XV Moglianoscacchi A"]
[Site "Mogliano Veneto ITA"]
[Date "1994.??.??"]
[Round "?"]
[White "Fabris, Alberto"]
[Black "Alba, Albano"]
[Result "1-0"]
[WhiteElo "2205"]
[BlackElo "2240"]
[PlyCount "90"]
[EventDate "1994.??.??"]

1. d4 Nf6 2. c4 e6 3. Nc3 Bb4 4. e3 c5 5. Nge2 cxd4 6. exd4 d5 7. a3 Be7 8. c5
Nc6 9. Bf4 b6 10. b4 bxc5 11. bxc5 O-O 12. Ng3 Qa5 13. Qd2 e5 14. Bxe5 Nd7 15.
Nxd5 Qxd2+ 16. Kxd2 Bxc5 17. Bxg7 Kxg7 18. dxc5 Nxc5 19. Bc4 Na5 20. Kc3 Be6
21. Nh5+ Kh6 22. Nhf6 Rac8 23. Kb4 Nxc4 24. Kxc4 Ne4+ 25. Kd4 Nxf6 26. Nxf6
Rfd8+ 27. Ke3 Rc3+ 28. Kf4 Rc4+ 29. Ke3 Kg6 30. Ne4 f5 31. Nd2 f4+ 32. Ke2 Rc2
33. Rhd1 Bc4+ 34. Kf3 Rdxd2 35. Rxd2 Rxd2 36. Kxf4 Rxf2+ 37. Kg3 Rd2 38. Rg1
Rd3+ 39. Kf4 Rxa3 40. Rd1 Rd3 41. Rc1 Bd5 42. Ra1 Bxg2 43. Rxa7 Rf3+ 44. Ke5
Rf5+ 45. Kd4 Rh5 1-0

[Event "XV Moglianoscacchi A"]
[Site "Mogliano Veneto ITA"]
[Date "1994.??.??"]
[Round "?"]
[White "Godena, Michele"]
[Black "Krause, Christian"]
[Result "1-0"]
[WhiteElo "2480"]
[BlackElo "2210"]
[PlyCount "69"]
[EventDate "1994.??.??"]

1. c4 g6 2. Nc3 Bg7 3. g3 c5 4. Bg2 Nc6 5. Nf3 e5 6. a3 Nge7 7. b4 d6 8. Rb1
Rb8 9. d3 O-O 10. Bd2 b6 11. O-O h6 12. Ne1 Kh7 13. Qa4 Qd7 14. Nc2 Nd4 15.
Qxd7 Bxd7 16. Nxd4 cxd4 17. Nd5 Nxd5 18. Bxd5 f5 19. b5 Rfc8 20. a4 Rc7 21. a5
Bc8 22. Ra1 Bb7 23. axb6 axb6 24. Ra7 Bf8 25. Rfa1 Rg7 26. Bxb7 Rgxb7 27. Rxb7+
Rxb7 28. Ra8 Kg7 29. Bxh6+ Kxh6 30. Rxf8 d5 31. cxd5 Rd7 32. Rf6 Rxd5 33. Rxb6
e4 34. Rb8 Rc5 35. b6 1-0

[Event "XV Moglianoscacchi A"]
[Site "Mogliano Veneto ITA"]
[Date "1994.??.??"]
[Round "?"]
[White "Godena, Michele"]
[Black "Pipitone, Antonio"]
[Result "1-0"]
[WhiteElo "2480"]
[BlackElo "1918"]
[PlyCount "47"]
[EventDate "1994.??.??"]

1. c4 Nf6 2. Nc3 e6 3. e4 d5 4. e5 Ng8 5. d4 Nc6 6. Be3 Nge7 7. Rc1 Nf5 8. Nf3
Nxe3 9. fxe3 Bb4 10. Bd3 dxc4 11. Bxc4 O-O 12. O-O Bxc3 13. Rxc3 Ne7 14. Ng5 h6
15. Ne4 Ng6 16. Bd3 Bd7 17. Qh5 Qh4 18. Qxh4 Nxh4 19. Rxc7 Bc6 20. Nd6 Nxg2 21.
d5 Bxd5 22. e4 Ne3 23. Re1 Bxa2 24. Rxe3 1-0

[Event "XV Moglianoscacchi A"]
[Site "Mogliano Veneto ITA"]
[Date "1994.??.??"]
[Round "?"]
[White "Hresc, Vladimir"]
[Black "Borgato, Massimo"]
[Result "1-0"]
[WhiteElo "2405"]
[BlackElo "2107"]
[PlyCount "99"]
[EventDate "1994.??.??"]

1. e4 d6 2. d4 Nf6 3. Nc3 c6 4. g3 h5 5. Bg5 Qa5 6. Qd2 g6 7. Bg2 Ng4 8. Nge2
f6 9. Be3 Nxe3 10. Qxe3 Bh6 11. f4 Be6 12. d5 Bf7 13. O-O-O c5 14. Kb1 b5 15.
Nc1 Nd7 16. Nb3 Qb6 17. Bh3 Ne5 18. Qe2 Nc4 19. Nxb5 Qxb5 20. Bf1 Na3+ 21. bxa3
Qxe2 22. Bxe2 Rb8 23. c3 O-O 24. h4 f5 25. exf5 gxf5 26. Kc2 Be8 27. Rb1 Ba4
28. Kd2 Rb6 29. Bxh5 Rfb8 30. Be2 Bg7 31. Bc4 Kf8 32. Rbe1 e5 33. dxe6 Bc6 34.
e7+ Ke8 35. Be2 Be4 36. c4 Rxb3 37. axb3 Rxb3 38. Bh5+ Kxe7 39. Rxe4+ fxe4 40.
g4 Bd4 41. g5 e3+ 42. Ke2 d5 43. cxd5 c4 44. f5 Rb2+ 45. Kf3 c3 46. f6+ Kd6 47.
Ke4 Kc5 48. d6 Kxd6 49. Kxd4 c2 50. Rc1 1-0

[Event "XV Moglianoscacchi A"]
[Site "Mogliano Veneto ITA"]
[Date "1994.??.??"]
[Round "?"]
[White "Hresc, Vladimir"]
[Black "Mileto, Gabriele"]
[Result "1-0"]
[WhiteElo "2405"]
[BlackElo "2225"]
[PlyCount "105"]
[EventDate "1994.??.??"]

1. e4 e5 2. f4 exf4 3. Nf3 d5 4. exd5 Nf6 5. Bc4 Nxd5 6. Bxd5 Qxd5 7. O-O Bd6
8. d4 O-O 9. Nc3 Qf5 10. Nh4 Qg4 11. Qxg4 Bxg4 12. Bxf4 Nc6 13. Bxd6 cxd6 14.
d5 Nd4 15. Rf2 g5 16. h3 Bh5 17. g4 Bg6 18. Rd1 gxh4 19. Rxd4 Rae8 20. Kg2 Re3
21. Rdf4 Rg3+ 22. Kh2 Re8 23. g5 Rxg5 24. Rxh4 Rf5 25. Rd2 Ree5 26. Ne4 Kf8 27.
c4 Ke7 28. Nc3 Rf3 29. Nb5 a6 30. Nd4 Rd3 31. Rxd3 Bxd3 32. b3 Rg5 33. Rf4 f5
34. Rh4 Be4 35. Rxh7+ Kf6 36. h4 Rg2+ 37. Kh3 f4 38. Rh6+ Kg7 39. Re6 Rg3+ 40.
Kh2 Rg2+ 41. Kh1 Re2+ 42. Kg1 Re3 43. Kf2 Kf7 44. h5 a5 45. h6 Bb1 46. Rxe3
fxe3+ 47. Kxe3 Bxa2 48. Kd3 Bb1+ 49. Kc3 Kf6 50. Nc2 b6 51. Kb2 Bxc2 52. Kxc2
Kg6 53. b4 1-0

[Event "XV Moglianoscacchi A"]
[Site "Mogliano Veneto ITA"]
[Date "1994.??.??"]
[Round "?"]
[White "Krause, Christian"]
[Black "Castellano, Alfonso"]
[Result "1-0"]
[WhiteElo "2210"]
[BlackElo "1899"]
[PlyCount "51"]
[EventDate "1994.??.??"]

1. c4 e5 2. Nc3 Nf6 3. Nf3 Nc6 4. e4 Bb4 5. d3 h6 6. g3 d6 7. Bg2 O-O 8. O-O
Bxc3 9. bxc3 Re8 10. Rb1 Na5 11. Ne1 c5 12. Nc2 Nc6 13. Ne3 Qc7 14. f4 Qe7 15.
Qe1 a6 16. f5 b5 17. Nd5 Nxd5 18. cxd5 Nb8 19. f6 Qf8 20. Qe3 g5 21. h4 gxh4
22. gxh4 Kh7 23. Rb2 Bg4 24. Bh3 h5 25. Bxg4 hxg4 26. Rf5 1-0

[Event "XV Moglianoscacchi A"]
[Site "Mogliano Veneto ITA"]
[Date "1994.??.??"]
[Round "?"]
[White "Krause, Christian"]
[Black "Dallaglio, Giovanni"]
[Result "1-0"]
[WhiteElo "2210"]
[BlackElo "1854"]
[PlyCount "43"]
[EventDate "1994.??.??"]

1. c4 c5 2. Nc3 Nc6 3. g3 g6 4. Bg2 Bg7 5. e4 d6 6. Nge2 e6 7. d3 Nge7 8. O-O
O-O 9. Be3 Nd4 10. Qd2 Nec6 11. f4 f5 12. Rae1 Qd7 13. Bf2 Rb8 14. Nxd4 Nxd4
15. Ne2 b6 16. Nxd4 Bxd4 17. Bxd4 cxd4 18. exf5 gxf5 19. Rxe6 Bb7 20. Rfe1 Bxg2
21. Qxg2 Rbe8 22. Qd5 1-0

[Event "XV Moglianoscacchi A"]
[Site "Mogliano Veneto ITA"]
[Date "1994.??.??"]
[Round "?"]
[White "Lagrotteria, Salvatore"]
[Black "Borgo, Giulio"]
[Result "0-1"]
[WhiteElo "2215"]
[BlackElo "2350"]
[PlyCount "74"]
[EventDate "1994.??.??"]

1. Nf3 c5 2. g3 d5 3. Bg2 Nc6 4. c4 Nf6 5. cxd5 Nxd5 6. O-O e5 7. Nc3 Be6 8. d3
Be7 9. Bd2 Rc8 10. a3 O-O 11. Re1 f6 12. Nxd5 Bxd5 13. Qa4 Qd7 14. Qh4 f5 15.
Bg5 Bxg5 16. Nxg5 h6 17. Bxd5+ Qxd5 18. Nf3 e4 19. dxe4 fxe4 20. Rad1 Qf5 21.
g4 Qf4 22. Nd2 e3 23. fxe3 Qxe3+ 24. Kg2 Nd4 25. Qg3 Nc2 26. Kh3 Qxg3+ 27. Kxg3
Nxe1 28. Rxe1 c4 29. Rc1 b5 30. h4 Rce8 31. e4 Rd8 32. Nf3 Rd3 33. Rf1 a5 34.
g5 b4 35. Kg4 Rdxf3 36. Rd1 Kh7 37. Rd6 R8f4+ 0-1

[Event "XV Moglianoscacchi A"]
[Site "Mogliano Veneto ITA"]
[Date "1994.??.??"]
[Round "?"]
[White "Lagrotteria, Salvatore"]
[Black "De Bortoli, Peter"]
[WhiteElo "2215"]
[BlackElo "1600"]
[Result "1-0"]
[PlyCount "65"]
[EventDate "1994.??.??"]

1. Nf3 d5 2. g3 c5 3. Bg2 Nc6 4. O-O Nf6 5. d3 e5 6. Nbd2 Be6 7. e4 d4 8. h3
Be7 9. a4 O-O 10. Ng5 Bd7 11. f4 Ne8 12. Ngf3 f6 13. f5 Nd6 14. g4 Na5 15. b3
a6 16. Nc4 b5 17. Nxd6 Bxd6 18. axb5 axb5 19. g5 Be7 20. h4 c4 21. h5 Kh8 22.
Bh3 cxb3 23. cxb3 Nb7 24. Rxa8 Qxa8 25. Nh4 Rc8 26. Ng6+ hxg6 27. hxg6 Bd8 28.
Qh5+ Kg8 29. Qh7+ Kf8 30. Qh8+ Ke7 31. Qxg7+ Kd6 32. gxf6 Bxf5 33. Bxf5 1-0

[Event "XV Moglianoscacchi A"]
[Site "Mogliano Veneto ITA"]
[Date "1994.??.??"]
[Round "?"]
[White "Manca, Federico"]
[Black "Borgo, Giulio"]
[Result "1-0"]
[WhiteElo "2370"]
[BlackElo "2350"]
[PlyCount "55"]
[EventDate "1994.??.??"]

1. e4 Nf6 2. e5 Nd5 3. d4 d6 4. Nf3 g6 5. Bc4 c6 6. O-O Bg7 7. h3 O-O 8. Re1 b5
9. Bb3 e6 10. a4 b4 11. Nbd2 dxe5 12. dxe5 Nd7 13. Nc4 a5 14. Bg5 Qc7 15. Qd4
Ba6 16. Ne3 Nxe3 17. Qxe3 Rfe8 18. Rad1 Nb6 19. Nh2 c5 20. Ng4 c4 21. Bf6 Nd5
22. Rxd5 exd5 23. Bxg7 f5 24. exf6 Qxg7 25. Qxe8+ Qf8 26. Qe6+ Kh8 27. f7 h5
28. Ne5 1-0

[Event "XV Moglianoscacchi A"]
[Site "Mogliano Veneto ITA"]
[Date "1994.??.??"]
[Round "?"]
[White "Manca, Federico"]
[Black "Moncher, Stefano"]
[Result "1-0"]
[WhiteElo "2370"]
[BlackElo "2202"]
[PlyCount "51"]
[EventDate "1994.??.??"]

1. e4 e6 2. d4 d5 3. Nc3 Bb4 4. e5 c5 5. a3 Bxc3+ 6. bxc3 Ne7 7. Nf3 Bd7 8. a4
Qa5 9. Qd2 Nbc6 10. Be2 f6 11. exf6 gxf6 12. Ba3 cxd4 13. Nxd4 Nxd4 14. Qxd4 e5
15. Qd2 Ng6 16. O-O O-O-O 17. Qe3 d4 18. cxd4 Rhg8 19. dxe5 Nh4 20. g3 Bc6 21.
Rad1 Rd5 22. exf6 Re8 23. Bg4+ Rf5 24. Be7 Kb8 25. gxh4 Rg8 26. Qg3+ 1-0

[Event "XV Moglianoscacchi A"]
[Site "Mogliano Veneto ITA"]
[Date "1994.??.??"]
[Round "?"]
[White "Mileto, Gabriele"]
[Black "Mufic, Goran"]
[Result "1-0"]
[WhiteElo "2225"]
[BlackElo "2315"]
[PlyCount "37"]
[EventDate "1994.??.??"]

1. d4 d5 2. c4 Nf6 3. Nf3 c6 4. cxd5 cxd5 5. Nc3 Bf5 6. Bf4 Qb6 7. Na4 Qb4+ 8.
Bd2 Qd6 9. Qb3 b6 10. Ne5 e6 11. Nc5 Qc7 12. Qa4+ Nbd7 13. Ncxd7 Nxd7 14. Rc1
Qd8 15. e4 Bxe4 16. Nxd7 Be7 17. Nxb6+ Kf8 18. Nxa8 Qxa8 19. Qd7 1-0

[Event "XV Moglianoscacchi A"]
[Site "Mogliano Veneto ITA"]
[Date "1994.??.??"]
[Round "?"]
[White "Moncher, Stefano"]
[Black "Godena, Michele"]
[Result "0-1"]
[WhiteElo "2202"]
[BlackElo "2480"]
[PlyCount "110"]
[EventDate "1994.??.??"]

1. Nf3 Nf6 2. g3 d5 3. Bg2 e6 4. O-O c5 5. d3 Nc6 6. Nbd2 Be7 7. e4 O-O 8. Re1
d4 9. Ng5 Ne8 10. Nh3 e5 11. f4 exf4 12. Nxf4 Ne5 13. h3 Nf6 14. Nf3 Bd6 15.
Rf1 Nxf3+ 16. Qxf3 Nd7 17. a4 Ne5 18. Qe2 Bd7 19. Bd2 Rc8 20. b3 Kh8 21. Rf2 b6
22. Raf1 f6 23. g4 a6 24. Nd5 b5 25. axb5 axb5 26. Bf4 Be6 27. g5 fxg5 28. Bxe5
Rxf2 29. Bxg7+ Kxg7 30. Qxf2 Be5 31. Qe2 h6 32. Rf5 Bxf5 33. exf5 Qd6 34. Be4
Bf6 35. Kg2 Qf8 36. Kg3 Qf7 37. Kg2 h5 38. Qf3 Kh6 39. Kh1 Rd8 40. Kg2 g4 41.
hxg4 hxg4 42. Qf4+ Kh7 43. Qh2+ Kg8 44. Nc7 Qh7 45. Qg3 Kh8 46. Nd5 Qh3+ 47.
Qxh3+ gxh3+ 48. Kxh3 Be5 49. Kh4 Kg7 50. Kg5 Kf7 51. Bf3 Rg8+ 52. Kh4 Rg1 53.
Bh5+ Kg7 54. b4 Bf6+ 55. Kh3 Rh1+ 0-1

[Event "XV Moglianoscacchi A"]
[Site "Mogliano Veneto ITA"]
[Date "1994.??.??"]
[Round "?"]
[White "Moncher, Stefano"]
[Black "Negro, Roberto"]
[WhiteElo "2202"]
[BlackElo "2154"]
[Result "1-0"]
[PlyCount "59"]
[EventDate "1994.??.??"]

1. e4 c5 2. d4 cxd4 3. c3 dxc3 4. Nxc3 e6 5. Nf3 a6 6. Bc4 b5 7. Bb3 Bb7 8. O-O
b4 9. Nd5 exd5 10. exd5 d6 11. Re1+ Be7 12. Nd4 Kf8 13. Nf5 Bc8 14. Nd4 h5 15.
Bf4 Bg5 16. Qd2 Bxf4 17. Qxf4 Qf6 18. Qe3 Bd7 19. Rac1 g6 20. Rc7 Nh6 21. Ne6+
Kg8 22. Qb6 Ng4 23. h3 Qxf2+ 24. Qxf2 Nxf2 25. Kxf2 Kh7 26. h4 a5 27. Ng5+ Kg7
28. Re7 Rf8 29. Rexd7 Nxd7 30. Rxd7 1-0